Malý tematický nemecko-slovenský slovník pomôcka na prípravu na prijímacie skúšky
Guardado en:
| Autor principal: | |
|---|---|
| Autor Corporativo: | |
| Formato: | Libro |
| Lenguaje: | alemán eslovaco |
| Publicado: |
Bratislava
Vydavateľstvo EKONÓM
2004
|
| Materias: | |
| Etiquetas: |
Sin Etiquetas, Sea el primero en etiquetar este registro!
|
MARC
| LEADER | 00000nam a2200000 4500 | ||
|---|---|---|---|
| 001 | 0022847 | ||
| 005 | 20221214070126.8 | ||
| 020 | |a 80-225-1916-2 | ||
| 041 | 0 | |a ger | |
| 041 | 0 | |a slo | |
| 044 | |a SK | ||
| 245 | 1 | 0 | |a Malý tematický nemecko-slovenský slovník |b pomôcka na prípravu na prijímacie skúšky |c Mária Machalová |
| 264 | 1 | |a Bratislava |b Vydavateľstvo EKONÓM |c 2004 | |
| 300 | |a 93 s. | ||
| 610 | 2 | 0 | |a terminológia |
| 610 | 2 | 0 | |a jazykoveda |
| 610 | 2 | 0 | |a ekonómia |
| 610 | 2 | 0 | |a nemčina |
| 610 | 2 | 0 | |a slovenčina |
| 100 | 1 | |a Machalová, Mária | |
| 710 | 2 | |a Ekonomická univerzita v Bratislave. Ústav jazykov | |